|
|
|
|
| LEADER |
00000nam0a2200000 4500 |
| 001 |
372955 |
| 005 |
20231102012525.0 |
| 035 |
|
|
|a (RuTPU)RU\TPU\retro\30380
|
| 035 |
|
|
|a RU\TPU\book\233430
|
| 090 |
|
|
|a 372955
|
| 100 |
|
|
|a 20221215d1936 m y0rusy50 ca
|
| 101 |
0 |
|
|a rus
|
| 102 |
|
|
|a RU
|
| 105 |
|
|
|a ac z 000zb
|
| 200 |
1 |
|
|a Необычайное путешествие
|f Эль-Регистан
|g авт. предисл. В. С. Молоков
|
| 210 |
|
|
|a Москва
|c Молодая гвардия
|d 1936
|
| 215 |
|
|
|a 191, [3] с.
|c ил.
|d 19,5 см.
|
| 600 |
|
1 |
|a Молоков
|b В. С.
|c летчик
|c Герой Советского Союза
|f 1895-1982
|g Василий Сергеевич
|2 stltpush
|3 (RuTPU)RU\TPU\pers\29429
|9 13982
|
| 610 |
1 |
|
|a Арктика
|
| 610 |
1 |
|
|a путешествия
|
| 610 |
1 |
|
|a 20 век
|
| 610 |
1 |
|
|a полеты
|
| 675 |
|
|
|a 91(98)
|v 3
|
| 675 |
|
|
|a 910.4
|v 3
|
| 700 |
|
1 |
|a Эль-Регистан
|
| 702 |
|
1 |
|a Молоков
|b В. С.
|c летчик
|c Герой Советского Союза
|f 1895-1982
|g Василий Сергеевич
|2 stltpush
|3 (RuTPU)RU\TPU\pers\29429
|4 080
|9 13982
|
| 801 |
|
1 |
|a RU
|b 63413507
|c 20120413
|
| 801 |
|
2 |
|a RU
|b 63413507
|c 20221215
|g RCR
|
| 942 |
|
|
|c BK
|